00378 2200157 4500001002100000005001500021008004100036020001800077035001900095082000800114090001400122100001600136700001900152245001600171260003300187INLIS00000000000757020241224113508241224||||||||| | ||| |||| ||  a9789794336878 0010-12240075700 a813 a813 NOE e0 aAlyson Noel0 aReni Indardini00aEVERLASTING aJakartabMizan Fantasic2012